Diputació de Barcelona, xarxa de municipis
Descripción Física:
1 bolígraf
MARC
| LEADER | 00000nrm a2200000Ia 4500 | ||
|---|---|---|---|
| 001 | 24457 | ||
| 008 | 160829s9999 xx 000 0 cat d | ||
| 080 | |a NBM-11-3 | ||
| 245 | |a Diputació de Barcelona, xarxa de municipis |h [Bolígraf] | ||
| 260 | |a [Barcelona] : |b [Diputació de Barcelona], |c [s.a.] | ||
| 300 | |a 1 bolígraf | ||
| 650 | 0 | |a Bolígrafs |9 53460 | |
| 650 | 0 | |9 54098 |a Objectes publicitaris | |
| 710 | 1 | |a Barcelona (Catalunya : Província). |b Diputació |9 52408 | |
| 901 | |a Arxiu | ||
| 942 | |n 1 |2 udc | ||
| 952 | |0 0 |1 0 |4 0 |6 NBM113 |7 1 |9 55503 |a Arxiu |b Arxiu |d 2016-12-01 |l 0 |o NBM-11-3 |p 24457 |r 2016-12-01 00:00:00 |w 2016-12-01 |y ARXIU | ||
| 999 | |c 59376 |d 59376 | ||